| 000 | 00925nam a2200241 4500 | ||
|---|---|---|---|
| 003 | MX-MxINE | ||
| 005 | 20260530113918.0 | ||
| 008 | 260509b2000 uxx||||| |||| 00| 0 eng d | ||
| 040 |
_aICI _bspa _cICI _erda |
||
| 041 | _aeng | ||
| 050 |
_aTK5105 _bH66 2000 |
||
| 100 | _eautor | ||
| 245 |
_aHome networks with its digital technology : _b Electronics is opening up the world of home networks, making life more convenient and enjoyable |
||
| 300 |
_a56 paginas: _bilustraciones |
||
| 336 |
_2rdacontent _atexto |
||
| 337 |
_2rdamedia _asin medio |
||
| 338 |
_2rdacarrier _avolumen |
||
| 500 | _aPublicación corporativa sobre tecnologías digitales y redes domésticas inteligentes desarrolladas por LG Electronics. | ||
| 610 |
_a[LG Electronics](https://www.lg.com?utm_source=chatgpt.com) =650 \ _934364 |
||
| 650 |
_aTecnología digital. _934365 |
||
| 650 |
_aAutomatización del hogar. _934366 |
||
| 942 |
_2lcc _n1 _cBK |
||
| 999 |
_c12363 _d12363 |
||